Sosyal adalet ve şehir / (Record no. 12841)

MARC details
000 -BAŞLIK
Sabit Uzunlukta Kontrol Alanı 00720nam a22002537a 4500
999 ## - SİSTEM KONTROL NUMARALARI (KOHA)
Koha Biblionumber 12841
Koha Biblioitemnumber 12841
003 - KONTROL NUMARASI IDENTIFIER
Denetim Alanı TR-AnCHP
005 - SON İŞLEM TARİHİ VE ZAMANI
Denetim Alanı 20190301155101.0
008 - SABİT-BOY VERİ ELEMANLARI - GENEL BİLGİLER
Sabit Uzunlukta Kontrol Alanı 190301b tu ||||| |||| 00| 0 tur d
020 ## - ULUSLARARASI STANDART KİTAP NUMARASI
Uluslararası Standart Kitap Numarası 9789753423830
040 ## - KATALOGLAMA KAYNAK
Orijinal Kataloglama Ajansı TR-AnCHP
Metne Dönüştürmek Ajansı TR-AnCHP
041 ## - DİL KODU
Metin / Ses Parça Veya Ayrı Başlığın Dil Kodu tur
082 04 - DEWEY ONLU SINIFLANDIRMA NUMARASI
Sınıflandırma Numarası 307.76
Ürün Numarası H28s 2013
100 1# - ANA GİRİŞ - KİŞİSEL İSİM
Kişisel Ad Harvey, David
Bir Adıyla İlişkilendirilen Tarihler 1935
245 10 - BAŞLIK TABLOSU
Başlık Sosyal adalet ve şehir /
Sorumluluk Tablosu, Vb David Harvey ; çeviren Mehmet Moralı.
250 ## - EDITION TABLOSU
Baskı Beyanı 4. bs.
260 ## - YAYIN, DAĞITIM, VB
Yayın, Dağıtım, Vb Yeri İstanbul :
Yayıncı, Dağıtıcı, Vs Adı Metis Yayınları,
Yayın, Dağıtım, Vb Tarihi 2013.
300 ## - FİZİKSEL TANIM
Kapsam 294 s. ;
Boyutlar 20 sm.
504 ## - KAYNAKÇA VB NOT
Kaynakça Vb Notu Kaynakça vardır.
650 40 - KONU KATMA GİRİŞ - TOPİKAL DÖNEM
Topikal Süreli Veya Coğrafi Ad Giriş Elemanı sosyal adalet
9 (RLIN) 814
Genel Alt Bölümü Şehirler
650 #4 - KONU KATMA GİRİŞ - TOPİKAL DÖNEM
Topikal Süreli Veya Coğrafi Ad Giriş Elemanı Kentleşme
650 #4 - KONU KATMA GİRİŞ - TOPİKAL DÖNEM
Topikal Süreli Veya Coğrafi Ad Giriş Elemanı Kent planlama
700 ## - KATMA GİRİŞ - KİŞİSEL İSİM
Kişisel Ad Moralı, Mehmet
Relator Terim çev.
942 ## - EKLENDİ GİRİŞ ELEMANLARI (KOHA)
Sınıflandırma Veya Raf Düzeni Kaynak Dewey Decimal Classification
Koha Öğesi Türü Books
Holdings
Kalıcı Konum Mevcut Konum Edinme Tarihi Toplam Check-Out'Lar Tam Çağrı Numarası Barkod Tarih Son Görülme İtibaren Geçerli Fiyatlar Koha Öğesi Türü
CHP Kütüphanesi CHP Kütüphanesi 03/01/2019   307.76 H28s 2013 018929 03/01/2019 03/01/2019 Books